Kākā Kālelakara. (Record no. 77243)

MARC details
000 -LEADER
fixed length control field 00509cam a22002051 4500
001 - CONTROL NUMBER
control field sa 68000488
003 - CONTROL NUMBER IDENTIFIER
control field DLC
005 - DATE AND TIME OF LATEST TRANSACTION
control field 20260227112424.0
008 - FIXED-LENGTH DATA ELEMENTS--GENERAL INFORMATION
fixed length control field 910701s1965 ii 000 0 gujo
010 ## - LIBRARY OF CONGRESS CONTROL NUMBER
LC control number sa 68000488
035 ## - SYSTEM CONTROL NUMBER
System control number (OCoLC)24016641
040 ## - CATALOGING SOURCE
Original cataloging agency DLC
Transcribing agency WaU
Modifying agency DLC
050 00 - LIBRARY OF CONGRESS CALL NUMBER
Classification number DS435.7.K3
Item number O9
100 1# - MAIN ENTRY--PERSONAL NAME
Personal name Oza, Dhanwant P.
245 10 - TITLE STATEMENT
Title Kākā Kālelakara.
260 ## - PUBLICATION, DISTRIBUTION, ETC.
Date of publication, distribution, etc. [1965]
300 ## - PHYSICAL DESCRIPTION
Extent 100 p.
Dimensions 19 cm.
500 ## - GENERAL NOTE
General note In Gujarati.
600 10 - SUBJECT ADDED ENTRY--PERSONAL NAME
Personal name Kalelkar, Dattatraya Balakrishna,
Dates associated with a name 1885-

No items available.

Powered by Koha